| 000 | 00000nas 2200000za 4500 |
| 001 | 9.506787 |
| 003 | CaOODSP |
| 005 | 20221107133709 |
| 007 | cr ||||||||||| |
| 008 | 150406d19962008oncar p o f0 a0eng|d |
| 022 | |a1209-6822 |
| 040 | |aCaOODSP|beng |
| 043 | |an-cn--- |
| 086 | 1 |aF1-23/3E-pdf |
| 110 | 1 |aCanada. |bDepartment of Finance. |
| 210 | 0 |aBudg. plan |b(Can., Dep. Finance, Online) |
| 222 | 0|aBudget plan |b(Canada. Dept. of Finance. Online) |
| 240 | 10|aBudget plan (Online) |
| 245 | 10|aBudget plan |h[electronic resource]. |
| 260 | |aOttawa : |bDept. of Finance, |c1996-2008. |
| 310 | |aAnnual |
| 362 | 0 |a1996-2008 |
| 500 | |aIssued also in French under title: Plan budgétaire. |
| 500 | |aEach issue also has a distinctive title. |
| 500 | |aSubtitle varies. |
| 530 | |aIssued also in print version. |
| 690 | 07|aBudgets|2gcpds |
| 690 | 07|aPlanning|2gcpds |
| 775 | 08|tLe plan budgétaire |w(CaOODSP)9.503182 |
| 780 | 00|tThe budget plan |w(CaOODSP)9.819737 |
| 785 | 00|tBudget |w(CaOODSP)9.505887 |